书目信息 |
| 题名: |
工程地质与土力学
|
|
| 作者: | 刘亚军 , 王启亮 主编 | |
| 分册: | ||
| 出版信息: | 北京 中国水利水电出版社 2007.03 |
|
| 页数: | 205页 | |
| 开本: | 26cm | |
| 丛书名: | ||
| 单 册: | ||
| 中图分类: | P642 , TU43 | |
| 科图分类: | ||
| 主题词: | 工程地质--高等教育--教材 , 土力学--高等教育--教材 , 土力学 , 工程地质 | |
| 电子资源: | ||
| ISBN: | 978-7-5084-4428-4 | |
| 000 | 00994nam0 2200313 450 | |
| 001 | 1247428224 | |
| 005 | 20120107131132.95 | |
| 010 | @a978-7-5084-4428-4@dCNY25.00 | |
| 090 | @aP642@bwql | |
| 096 | @aP642@bwql | |
| 100 | @a20070226d2007 em y0chiy50 ea | |
| 101 | 0 | @achi |
| 102 | @aCN@b110000 | |
| 105 | @aa z 000yy | |
| 200 | 1 | @a工程地质与土力学@b专著@f王启亮,刘亚军主编@9gong cheng di zhi yu tu li xue |
| 210 | @a北京@c中国水利水电出版社@d2007.03 | |
| 215 | @a205页@c图@d26cm | |
| 300 | @a高职高专“十一五”精品规划教材 | |
| 330 | @a本书内容包括:岩石及其工程地质性质、地质构造、自然地质作用、地下水、土的渗透性、土压力、地基处理等。 | |
| 606 | 0 | @a工程地质@x高等教育@j教材 |
| 606 | 0 | @a土力学@x高等教育@j教材 |
| 606 | 0 | @a土力学 |
| 606 | 0 | @a工程地质 |
| 690 | @aP642@v4 | |
| 690 | @aTU43@v4 | |
| 701 | 0 | @a刘亚军@c(水利水电)@4主编@9liu ya jun |
| 701 | 0 | @a王启亮@f(1964~)@4主编@9wang qi liang |
| 801 | 0 | @aCN@b110120@c20070323 |
| 905 | @aZUCC@dP642@eL702 | |
| 工程地质与土力学/王启亮,刘亚军主编.-北京:中国水利水电出版社,2007.03 |
| 205页:图;26cm |
| 高职高专“十一五”精品规划教材 |
| ISBN 978-7-5084-4428-4:CNY25.00 |
| 本书内容包括:岩石及其工程地质性质、地质构造、自然地质作用、地下水、土的渗透性、土压力、地基处理等。 |
| ● |
| 相关链接 |
|
|
|
正题名:工程地质与土力学
索取号:P642/L702
 
预约/预借
| 序号 | 登录号 | 条形码 | 馆藏地/架位号 | 状态 | 备注 |
| 1 | 480318 | 204803187 | 自科库401/401自科库 133排1列5层/ [索取号:P642/L702] | 在馆 | |
| 2 | 480319 | 204803196 | 期刊室512/401自科库 128排2列3层/ [索取号:P642/L702] | 在馆 | |
| 3 | 480320 | 204803203 | 期刊室512/401自科库 128排2列3层/ [索取号:P642/L702] | 在馆 |